Sports Quiz

Random Sports or Numbers Quiz
Score 0/21 Timer 04:00
1 Play Today
Appearances % Correct
4Florida
93.4%
9Alabama
93.2%
10Florida State
90.6%
20Oklahoma
88.3%
10Miami (FL)
87.2%
3Georgia
86.5%
3Michigan
85.2%
6Clemson
78.3%
5Louisiana State
77.7%
5Notre Dame
75.7%
17Nebraska
74.9%
Appearances % Correct
5Penn State
73.7%
4Tennessee
69.7%
7Georgia Tech
64.1%
4Virginia Tech
61.5%
3Kansas
61.3%
3Syracuse
52.1%
4Missouri
51.9%
5Colorado
51.4%
3Maryland
44.5%
3Mississippi State
44.4%
Remove Ads.
Support Sporcle.
Get the best of Sporcle when you Go Orange. This ad-free experience offers more features, more stats, and more fun while also helping to support Sporcle. Thank you for becoming a member.

You're not logged in!

Compare scores with friends on all Sporcle quizzes.
OR
Log In

Show Comments

Extras

Top Quizzes Today


Score Distribution

Your Account Isn't Verified!

In order to create a playlist on Sporcle, you need to verify the email address you used during registration. Go to your Sporcle Settings to finish the process.

Report this User

Report this user for behavior that violates our Community Guidelines.

Details: